DK7 Gminy przez które przebiega droga krajowa 7 - Statystyki

Ogólne statystyki
  • Ten quiz został rozwiązany 6 razy
  • Średni wynik to 7 z 14
Statystyki odpowiedzi
Powiat Gmina % Poprawnych
Myślenicki Myślenice
100%
Gdańsk Gdańsk
80%
Kraków Kraków
80%
Kartuski Żukowo
80%
Warszawski Zachodni Łomianki
60%
Płoński Płońsk
60%
Nowodworski Czosnów
40%
Krakowski Mogilany
40%
Nowodworski Zakroczym
40%
Płoński Załuski
40%
Myślenicki Pcim
20%
Nowotarski Raba Wyżna
20%
Nowotarski Spytkowice
20%
Nowotarski Jabłonka
0%
Nie znaleziono quizów pasujących do podanych kryteriów
Rozkład punktacji
Procent ludzi z każdym wynikiem
Percentyl według liczby udzielonych odpowiedzi
Twoja historia wyników
Nie rozwiązałeś tego quizu